000
00272nam a2200121Ia 4500
008
241002s9999 xx 000 0 und d
082
_a
297.954 MUJ
100
_a
Mujeeb, M.
245
4
_a
The Indian Muslims
260
_a
London:
_c
1967
600
_a
Religion
942
_c
UC
999
_c
18564
_d
18564